000 00312nam a2200121Ia 4500
008 220120s9999||||xx |||||||||||||| ||und||
020 _a81-203-03881
100 _aHamachar, Carl
245 0 _acomputer organization
260 _aTata mcgraw hill company Ltd
_c2002
300 _b125
650 _aCOMPUTER SCIENCE
999 _c137139
_d137139